| 000 | 01336nac a22002651u 4500 | ||
|---|---|---|---|
| 020 | _a9774248929 | ||
| 082 |
_a 281.709622 _bG117 |
||
| 090 |
_c4051 _d4051 |
||
| 100 | _a20080729 | ||
| 245 |
_aChristianity and monasticism in the Fayoum oasis : _b essays from the 2004 international symposium of the Saint Mark Foundation and the Saint Shenouda the Archimandrite Coptic Society inhonor of Martin Krause / _c edited by Gawdat Gabra. |
||
| 260 |
_aCairo : _b American University in Cairo Press, 2005. _c2005 |
||
| 300 |
_a xxxiv, 322 p. : _b ill. ; _c24 cm. |
||
| 504 | _a Includes bibliography of Martin Krause compiled by Lucia Langener (p. [xix]-xxxiv). | ||
| 504 | _aIncludes bibliographical references. | ||
| 610 |
_aCoptic Church _xHistory _z Egypt |
||
| 650 |
_aChristianity. _v Congresses _x History _z Egypt - Fayyum |
||
| 650 |
_aMonasticism and religious orders, Copticx History _v Congresses _z Egypt Fayyum |
||
| 651 |
_aFayyum (Egypt) _x Church history . |
||
| 700 |
_a Krause, Martin, _d 1930- |
||
| 700 | _aGabra, Gawdat | ||
| 710 | _aSaint Mark Foundation. | ||
| 710 | _aSaint Shenouda the Archimandrite Coptic Society. | ||
| 942 |
_cBB _k 281.709622 G117 |
||
| 999 |
_c4051 _d4051 |
||